Production, purpose and structure
Saved in:
| Main Author: | |
|---|---|
| Format: | Book |
| Language: | Undetermined |
| Published: |
London
Frances Pinter
1982
|
| Subjects: | |
| Tags: |
Add Tag
No Tags, Be the first to tag this record!
|
| Institutions: | Trung tâm Học liệu Trường Đại học Cần Thơ |
|---|
| LEADER | 00452nam a2200169Ia 4500 | ||
|---|---|---|---|
| 001 | CTU_79554 | ||
| 008 | 210402s9999 xx 000 0 und d | ||
| 082 | |a 338 | ||
| 082 | |b B827 | ||
| 100 | |a Bray, Jeremy | ||
| 245 | 0 | |a Production, purpose and structure | |
| 245 | 0 | |c Jeremy Bray | |
| 260 | |a London | ||
| 260 | |b Frances Pinter | ||
| 260 | |c 1982 | ||
| 650 | |a Marxian economics,Production | ||
| 980 | |a Trung tâm Học liệu Trường Đại học Cần Thơ | ||